लाम / (Record no. 197844)

MARC details
000 -LEADER
fixed length control field 00699nam a22001817a 4500
005 - DATE AND TIME OF LATEST TRANSACTION
control field 20230905151945.0
010 ## - LCCN (DPL NO)
LC control number HIN-125817
020 ## - INTERNATIONAL STANDARD BOOK NUMBER
Terms of availability 200.00
International Standard Book Number 9788194572268
035 ## - SYSTEM CONTROL NUMBER
System control number HN-98163
037 ## - SOURCE OF ACQUISITION
Source of stock number/acquisition DBAD/PUB.
082 ## - DEWEY DECIMAL CLASSIFICATION NUMBER
Classification number 808.88
100 ## - MAIN ENTRY--PERSONAL NAME
Personal name झा, परमेश्वर
245 ## - TITLE STATEMENT
Title लाम /
Statement of responsibility, etc परमेश्वर झा
260 ## - PUBLICATION, DISTRIBUTION, ETC. (IMPRINT)
Place of publication, distribution, etc मधुबनी
Name of publisher, distributor, etc नवारम्भ
Date of publication, distribution, etc 2020
270 ## - ADDRESS
City मधुबनी
Postal code 847211
Address श्री भवन वार्ड न 2 निकट राम जानकी मंदिर
Telephone number 847211
300 ## - PHYSICAL DESCRIPTION
Extent 104पृ.
Dimensions 22 से.मी.(अजिल्द)
942 ## - ADDED ENTRY ELEMENTS (KOHA)
Source of classification or shelving scheme Dewey Decimal Classification
Item type Hindi Books
Call number suffix झापर
Classification part 808.88
Holdings
Withdrawn status Lost status Not for loan Collection code Home library Current library Date acquired Source of acquisition Cost, normal purchase price Full call number Barcode Copy number Cost, replacement price Koha item type
      Non-fiction D.B.Act.Division Mobile Library 05/09/2023 DBAD/PUB 200.00 808.88 झापर HN-98163 1 200.00 Hindi Books

© Delhi Public Library
Hit Counter
free hit counter